Documentos colectivos del Episcopado español, 1870-1974 / (Record no. 171492)

MARC details
000 -LEADER
campo de control de longitud fija 00819nam a2200229 i 4500
001 - NÚMERO DE CONTROL
campo de control 171492
003 - IDENTIFICADOR DE NÚMERO DE CONTROL
campo de control ES-MaACL
005 - FECHA Y HORA DE LA ÚLTIMA TRANSACCIÓN
campo de control 20250808062808.0
008 - DATOS DE LONGITUD FIJA--INFORMACIÓN GENERAL
campo de control de longitud fija 090519s1974 sp |||| | spa d
017 ## - NÚMERO DE COPYRIGHT O DE DEPÓSITO LEGAL
Número de copyright o de depósito legal M 1472-1974
020 ## - NÚMERO INTERNACIONAL ESTÁNDAR DEL LIBRO
Número Internacional Estándar del Libro 84-220-0673-1
245 00 - MENCIÓN DEL TÍTULO
Título Documentos colectivos del Episcopado español, 1870-1974 /
Mención de responsabilidad, etc. edición completa, preparada por Jesús Iribarren ; presentación de Vicente Enrique y Tarancón.
260 ## - PUBLICACIÓN, DISTRIBUCIÓN, ETC.
Lugar de publicación, distribución, etc. Madrid :
Nombre del editor, distribuidor, etc. La Editorial Católica,
Fecha de publicación, distribución, etc. 1974.
300 ## - DESCRIPCIÓN FÍSICA
Extensión XI, 561 p. ;
Dimensiones 20 cm.
490 1# - MENCIÓN DE SERIE
Mención de serie Biblioteca de autores cristianos ;
Designación de volumen o secuencia 355
500 ## - NOTA GENERAL
Nota general Índices.
700 0# - ENTRADA AGREGADA--NOMBRE PERSONAL
Nombre de persona Iribarren, Jesús.
9 (RLIN) 65453
700 1# - ENTRADA AGREGADA--NOMBRE PERSONAL
Nombre de persona Enrique y Tarancón, Vicente.
9 (RLIN) 47273
830 00 - PUNTO DE ACCESO ADICIONAL DE SERIE-TÍTULO UNIFORME
Título uniforme Biblioteca de autores cristianos
Designación de volumen o secuencia 355
9 (RLIN) 178679
852 ## - LOCALIZACIÓN
Ubicación ES-MaACL
Número de control de estantería J-348
itemnumber R.46092
Holdings
Estatus retirado Estado de pérdida Estado de daño No para préstamo Biblioteca de origen Biblioteca actual Ubicación en estantería Fecha de adquisición Fuente de adquisición Total de préstamos Signatura topográfica completa Código de barras Visto por última vez Precio de reemplazo Tipo de ítem Koha
        Biblioteca del Ateneo de Madrid Biblioteca del Ateneo de Madrid Depósito 2 19/05/2009     J-348 1179968 23/02/2023 23/02/2023 Libro impreso